Improving classroom practice using innovation profiles /

Bibliographic Details
Other Authors: Leithwood, K. A. (Kenneth Arthur), 1942-, Montgomery, D. J. (Deborah Jayne), 1954-
Format: Book
Language:English
Published: Toronto : Oise Press, 1987.
Series:Research in education series ; 14.
Subjects:

MARC

Tag First Indicator Second Indicator Subfields
LEADER 00000cam a2200000 a 4500
001 in00000012762
005 20151007051909.0
008 870115s1987 onc b 00010 eng c
010 |a cn 87093359  
015 |a C87-93359-0 
020 |a 0774403101 :  |c $14.50 
035 |a (OCoLC)16182396 
035 |9 AAA5338AM 
040 |a CaOTU  |b eng  |c NLC  |d TXA  |d UtOrBLW 
049 |a TXAM  |c [A11025549] 
050 4 |a LB2822.82  |b .I56 1987 
245 0 0 |a Improving classroom practice using innovation profiles /  |c Kenneth A. Leithwood and Deborah J. Montgomery, editors ; contributing authors, Linda May Bell [and others]. 
263 |a 8702 
264 1 |a Toronto :  |b Oise Press,  |c 1987. 
300 |a iv, 147 pages ;  |c 26 cm. 
336 |a text  |b txt  |2 rdacontent 
337 |a unmediated  |b n  |2 rdamedia 
338 |a volume  |b nc  |2 rdacarrier 
490 1 |a Research in education ;  |v 14 
504 |a Bibliography: pages 145-147. 
650 0 |a School improvement programs. 
650 0 |a Educational innovations. 
650 0 |a Curriculum change. 
700 1 |a Leithwood, K. A.  |q (Kenneth Arthur),  |d 1942- 
700 1 |a Montgomery, D. J.  |q (Deborah Jayne),  |d 1954- 
830 0 |a Research in education series ;  |v 14. 
999 |a MARS 
999 f f |s 1d645fc4-4b48-3b29-a76c-2c7f8d066938  |i 92e72341-6a8c-3261-8a5f-4db60553abbd  |t 0 
952 f f |p normal  |a Texas A&M University  |b College Station  |c Sterling C. Evans Library  |d Evans: Library Stacks  |t 0  |e LB2822.82 .I56 1987  |h Library of Congress classification  |i unmediated -- volume  |m A14811025549 
998 f f |a LB2822.82 .I56 1987  |t 0  |l Evans: Library Stacks